000 00404pab a2200157 454500
008 180718b2006 xxu||||| |||| 00| 0 eng d
100 _aPowell, Robert A.
245 _aDecision-making for successful product development
260 _c2006
300 _ap.22-40.
362 _aMar
650 _aDecision making
700 _aBuede, Dennis M.
773 _aProject Management Journal
909 _a71399
999 _c71399
_d71399